[Event "Debrecen"]
[Site "Debrecen"]
[Date "1987.??.??"]
[Round "8"]
[White "Uhlmann, Wolfgang"]
[Black "Meduna, Eduard"]
[Result "1/2-1/2"]
[WhiteElo "2525"]
[BlackElo "2515"]

1.c4 c6 2.d4 d5 3.Nc3 Nf6 4.Nf3 dxc4 5.a4 Bf5 6.e3 e6 7.a5 Bd6 8.Bxc4 Nbd7
9.O-O O-O 10.h3 h6 11.Re1 Bc7 12.e4 Bg6 13.b4 e5 14.d5 cxd5 15.Bxd5 Nxd5
16.Nxd5 Nf6 17.Nxc7 Qxc7 18.Bb2 Rad8 19.Qb3 Rfe8 20.Rac1 Qb8 21.Rc5 Nxe4
22.Rxe5 Rxe5 23.Nxe5 Qd6 24.Nxg6 Qxg6 25.Qe3 Nd2 26.Bc1 Rd3 27.Qe8+ Kh7 28.Bxd2 Rxd2
29.Qb8 Qa6 30.Qf4 Rb2 31.Qxf7 Qd6 32.Qxb7 Rxb4 33.Qxa7 Rb5 34.Qa8 Qd4 35.g3 Rf5
36.Rf1 Qa4 37.a6 Ra5 38.Qc8 Rxa6 39.Qf5+ Kh8 40.Rc1 Ra8 41.Rc8+ Rxc8 42.Qxc8+ Kh7
43.Qf5+ Kh8 44.h4 Qd4 45.Kg2 Qd6 46.g4 Qc6+ 47.Qf3 Qd6 48.Kh3 Qe7 49.Qf5 Qb7
50.f3 Qa6 51.Qc2 Qf1+ 52.Qg2 Qd3 53.Qf2 Qd1 54.Qe3 Qd6 55.Qe4 Qd1 56.g5 hxg5
57.hxg5 Qh1+ 58.Kg3 Qg1+ 59.Kf4 Qc1+ 60.Kg4 Qg1+ 61.Kh5 Qh2+ 62.Kg4  1/2-1/2

[Event "Debrecen"]
[Site "Debrecen"]
[Date "1987.??.??"]
[Round "10"]
[White "Uhlmann, Wolfgang"]
[Black "Barczay, Laszlo"]
[Result "1/2-1/2"]
[WhiteElo "2525"]
[BlackElo "2375"]

1.c4 c6 2.d4 d5 3.Nc3 Nf6 4.Nf3 dxc4 5.a4 Bf5 6.e3 e6 7.Bxc4 Bb4 8.O-O O-O
9.Nh4 Bg6 10.Nxg6 hxg6 11.Qb3 Qe7 12.e4 Bxc3 13.bxc3 Nxe4 14.Ba3 Nd6 15.Rae1 Re8
16.Re3 Nd7 17.Rfe1 Nf8 18.Bd3 Rad8 19.c4 Qc7 20.g4 b6 21.c5 Nb7 22.Qc3 bxc5
23.dxc5 Qf4 24.Ba6 Re7 25.Re4 Qd2 26.Qxd2 Rxd2 27.Rb1 Nd8 28.Rb8 e5 29.Bb4 Rd1+
30.Kg2 Nfe6 31.Bc4 Kh7 32.Ba5 g5 33.Bb3 Rdd7 34.Kf1 Nb7 35.Bb4 a5 36.Ba3 Nexc5
37.Bc2 Nxe4 38.Bxe4+ g6 39.Bxc6 Nd6 40.Bxd7 Rxd7 41.Bxd6 Rxd6 42.Rb5 Rd4  1/2-1/2

[Event "Gausdal zt"]
[Site "Gausdal"]
[Date "1987.??.??"]
[Round "?"]
[White "Kristiansen, Jens"]
[Black "Hector, Jonny"]
[Result "0-1"]
[WhiteElo "2480"]
[BlackElo "2420"]

1.c4 c6 2.Nf3 d5 3.b3 Nf6 4.Bb2 Bg4 5.d3 Nbd7 6.Nbd2 Qa5 7.a3 dxc4 8.b4 Qh5
9.Nxc4 Bxf3 10.gxf3 Nd5 11.e3 e5 12.Bg2 Be7 13.O-O O-O 14.f4 Qxd1 15.Rfxd1 exf4
16.e4 N5b6 17.Na5 Rab8 18.d4 Rfe8 19.Bc1 g5 20.h4 h6 21.Bh3 Bf6 22.f3 Nf8
23.Ra2 Na4 24.Rg2 Ng6 25.hxg5 hxg5 26.d5 Nc3 27.Bb2 Nxd1 28.Bxf6 cxd5 29.exd5 Re1+
30.Kh2 Ne3 31.Rxg5 Rd1 32.Be6 Kf8 33.Rxg6 fxg6 34.Be5 Re8 35.Bd6+ Kg7 36.Be5+ Kh7
37.Nxb7 Nxd5  0-1

[Event "Bundesliga 8687"]
[Site "Germany"]
[Date "1987.??.??"]
[Round "?"]
[White "Pfleger, Helmut"]
[Black "Heyken, Enno"]
[Result "1-0"]
[WhiteElo "2480"]
[BlackElo "2325"]

1.c4 c6 2.e4 d5 3.cxd5 cxd5 4.exd5 Nf6 5.d4 g6 6.Nc3 Bg7 7.Bc4 O-O 8.Nge2 b6
9.O-O Bb7 10.Nf4 Na6 11.Re1 Nc7 12.Qb3 Rb8 13.a4 a6 14.Qd1 Nfxd5 15.Nfxd5 Nxd5
16.Nxd5 Bxd5 17.Bxa6 Bc6 18.Be3 Qd5 19.Bf1 Rfd8 20.Rc1 Rbc8 21.b3 e6 22.f3 Bb7
23.Rxc8 Bxc8 24.Bc4 Qd6 25.Re2 Be5 26.h3 Qa3 27.Rd2 Bc7 28.d5 Qd6 29.dxe6 Qh2+
30.Kf1 Qh1+ 31.Kf2 Rxd2+ 32.Qxd2 fxe6 33.Bf4  1-0

[Event "Bundesliga 8687"]
[Site "Germany"]
[Date "1987.??.??"]
[Round "?"]
[White "Hertneck, Gerald"]
[Black "Weidemann, Joerg"]
[Result "1/2-1/2"]
[WhiteElo "2450"]
[BlackElo "2265"]

1.c4 c6 2.b3 g6 3.Bb2 Nf6 4.e4 d6 5.g3 Bg7 6.Bg2 O-O 7.Ne2 Nbd7 8.O-O Nc5
9.Qc2 e5 10.d4 exd4 11.Bxd4 Re8 12.Nd2 Ne6 13.Bc3 Bd7 14.h3 Rc8 15.Rad1 Qe7
16.f4 Nc5 17.Rfe1 d5 18.Bb4 dxe4 19.Nc3 a5 20.Ba3 b5 21.Ncxe4 b4 22.Bb2 Bf5
23.Bxf6 Bxf6 24.g4 Nxe4  1/2-1/2

[Event "Bundesliga 8687"]
[Site "Germany"]
[Date "1987.??.??"]
[Round "?"]
[White "Wiemer, Ralf"]
[Black "Schmidt, Bodo"]
[Result "1/2-1/2"]
[WhiteElo "2325"]
[BlackElo "2340"]

1.c4 c6 2.Nf3 d5 3.b3 Bg4 4.Bb2 e6 5.e3 Nd7 6.Be2 Ngf6 7.O-O Bd6 8.d3 Qe7
9.Nbd2 O-O 10.cxd5 exd5 11.Re1 Rfe8 12.Qc2 Ne5 13.Nxe5 Bxe5 14.Bxe5 Qxe5
15.Bxg4 Nxg4 16.Nf3 Qh5 17.e4 Re6 18.h3 Ne5 19.Nxe5 Qxe5 20.Qd2 dxe4 21.dxe4 Rd6
22.Qe3 c5 23.Rad1 Rad8 24.f4 Qh5 25.Rxd6 Rxd6 26.e5 Rd1 27.e6 Rxe1+ 28.Qxe1 Kf8
29.exf7 Qxf7 30.Qe5 Qe7 31.Qb8+ Kf7 32.Qxa7 Qe3+ 33.Kh1  1/2-1/2

[Event "Bundesliga 8687"]
[Site "Germany"]
[Date "1987.??.??"]
[Round "?"]
[White "Stangl, Markus"]
[Black "Schoen, Wolfram"]
[Result "0-1"]
[WhiteElo "2405"]
[BlackElo "2440"]

1.c4 c6 2.Nf3 d5 3.d4 Nf6 4.Qb3 e6 5.Nc3 dxc4 6.Qxc4 b5 7.Qd3 Nbd7 8.g3 Bb7
9.Bg2 Be7 10.Ng5 Qb6 11.O-O Rd8 12.Be3 Ng4 13.Nf3 a6 14.Rad1 O-O 15.Ng5 g6
16.Bc1 Ndf6 17.h3 Ne5 18.Qc2 Nc4 19.Na4 bxa4 20.Qxc4 Qb5 21.Qc2 Nd5 22.a3 c5
23.dxc5 Bxc5 24.Ne4 Be7 25.Nc3 Nxc3 26.Qxc3 Rc8 27.Qd4 Rfd8 28.Qa7 Rxd1 29.Rxd1 Qxe2
30.Rf1 Bxg2 31.Kxg2 Bf6 32.Qb6 Kg7 33.b3 axb3 34.Qxb3 Rc2 35.Qb4 e5 36.Qd6 g5
37.Qd1 Be7 38.Qd7 Qe4+ 39.Kg1 Bc5 40.Bd2 Qf3 41.a4 a5 42.Kh2  0-1

[Event "Bundesliga 8687"]
[Site "Germany"]
[Date "1987.??.??"]
[Round "?"]
[White "Kestler, Hans Guenther"]
[Black "Reefschlaeger, Helmut"]
[Result "1/2-1/2"]
[WhiteElo "2390"]
[BlackElo "2365"]

1.c4 c6 2.e4 d5 3.exd5 cxd5 4.d4 Nf6 5.Nc3 g6 6.Qb3 Bg7 7.cxd5 O-O 8.Nge2 Nbd7
9.Nf4 Nb6 10.Be2 a5 11.a4 Qd6 12.O-O Qb4 13.Ra3 Rd8 14.Qa2 Bf5 15.Be3 Rac8
16.Rb3 Qd6 17.Rb5 g5 18.Qb3 Nxa4 19.Nh5 Nxc3 20.bxc3 a4 21.Nxf6+ Bxf6 22.Qb2 a3
23.Qd2 Bd7 24.Rb3 Qxd5 25.Rxa3 Bc6 26.f3 h6 27.Rfa1  1/2-1/2

[Event "Hameln Voba"]
[Site "Hameln"]
[Date "1987.??.??"]
[Round "?"]
[White "David, Adrian"]
[Black "Pape, Joerg"]
[Result "1/2-1/2"]
[WhiteElo "2360"]
[BlackElo "2200"]

1.c4 c6 2.e4 d5 3.exd5 cxd5 4.cxd5 Nf6 5.Nc3 Nxd5 6.d4 Nxc3 7.bxc3 g6 8.h4 Qa5
9.Bd2 Bg7 10.h5 Nc6 11.hxg6 hxg6 12.Rxh8+ Bxh8 13.Bc4 Qf5 14.Qe2  1/2-1/2

[Event "NOR-ch"]
[Site "Kristiansand"]
[Date "1987.??.??"]
[Round "?"]
[White "Ostenstad, Berge"]
[Black "Tiller, Bjorn"]
[Result "1-0"]
[WhiteElo "2410"]
[BlackElo "2410"]

1.c4 c6 2.e4 a6 3.d4 b5 4.Nc3 d6 5.f4 e6 6.Nf3 bxc4 7.Bxc4 d5 8.Bd3 f5 9.exf5 exf5
10.Qe2+ Qe7 11.Ne5 Nf6 12.O-O Ne4 13.Bxe4 dxe4 14.d5 cxd5 15.Be3 Be6 16.Rfd1 Qb7
17.Rac1 Nd7 18.Qh5+ g6 19.Nxg6 Bf7 20.Qh4 Bxg6 21.Nxd5 Rc8 22.Nf6+ Nxf6 23.Qxf6 Rb8
24.Qe5+ Be7 25.Rc7  1-0

[Event "URS-FL"]
[Site "Kursk"]
[Date "1987.??.??"]
[Round "?"]
[White "Khasin, Alexander"]
[Black "Sorokin, Maxim"]
[Result "1/2-1/2"]
[WhiteElo "2410"]
[BlackElo "2380"]

1.c4 c6 2.Nf3 d5 3.g3 Nf6 4.Bg2 Bf5 5.cxd5 cxd5 6.Qb3 Qb6 7.Qxb6 axb6 8.Nc3 Nc6
9.d3 e6 10.Nb5 Kd7 11.O-O h6 12.Bf4 Be7 13.a3 Rhc8 14.b4 g5 15.Ne5+ Nxe5
16.Bxe5 Bg4 17.f3 Bh5 18.e4 Rc2 19.Rfc1 Rac8 20.Bc3 Rxc1+ 21.Rxc1 Bg6 22.Re1 Kd8
23.Bd4 Nd7 24.f4 gxf4 25.gxf4 dxe4 26.dxe4 Rc2 27.Bf3 f6 28.e5 fxe5 29.fxe5 Bg5
30.Bf2 Rxf2 31.Kxf2 Bh4+ 32.Ke2 Bxe1 33.Kxe1 Nxe5 34.Bxb7 Nc4 35.Bc6 Bc2
36.Nd4 Nxa3 37.Nxe6+ Ke7 38.Nd4 Kd6 39.Kd2 Bg6 40.Kc3 Nb1+ 41.Kc4 Na3+ 42.Kc3  1/2-1/2

[Event "URS-FL"]
[Site "Kursk"]
[Date "1987.??.??"]
[Round "?"]
[White "Vaulin, Alexander"]
[Black "Filipenko, Alexander V"]
[Result "1-0"]
[WhiteElo "2420"]
[BlackElo "2380"]

1.c4 c6 2.d4 d5 3.Nf3 Nf6 4.Qb3 e6 5.g3 Nbd7 6.Bg2 Be7 7.O-O O-O 8.Nc3 Nb6
9.cxd5 exd5 10.Ne5 a5 11.Bg5 a4 12.Qc2 Nfd7 13.Bxe7 Qxe7 14.Nd3 Qf6 15.e3 a3
16.b3 Qh6 17.Rae1 Nf6 18.f3 Re8 19.Qf2 Bf5 20.Ne5 Nbd7 21.g4 Bg6 22.h4 Nxe5
23.dxe5 Nd7 24.g5 Qh5 25.Ne2 Nxe5 26.Rd1 Ng4 27.Qg3 Nxe3 28.Nf4 Nf5 29.Nxh5 Nxg3
30.Nxg3 Re3 31.Kf2 Rc3 32.Rc1 Rxc1 33.Rxc1 f6 34.gxf6 gxf6 35.Ke3 Kf8 36.Kd4 Ke7
37.h5 Bf7 38.Re1+ Kf8 39.Kc5 Ra5+ 40.Kb6 Rb5+ 41.Kc7 d4 42.Bf1 Rg5 43.Ne4 Rxh5
44.Kxb7 Rh2 45.Ra1 f5 46.Nd6 Bd5 47.Bc4 Bxf3 48.Rf1 Bd5 49.Nxf5 d3 50.Ne3+ Ke8
51.Nxd5 cxd5 52.Bxd5 Rxa2 53.Kc7 Rh2 54.b4 Ke7 55.Rf7+ Ke8 56.Rf1 Ke7 57.Rf7+ Ke8
58.b5 Rh5 59.Rd7 a2 60.Bxa2 Rxb5 61.Rxh7 d2 62.Rh1 Ke7 63.Rd1 Rc5+ 64.Kb6 Rc2
65.Bg8 Kd6 66.Kb5 Ke5 67.Bb3 Rc1 68.Rxd2 Rc8 69.Bd5 Rc1 70.Bc4 Rb1+ 71.Kc5 Re1
72.Rd8 Re3 73.Bd3 Kf6 74.Kd4 Re7 75.Be4 Rg7 76.Rd6+ Kg5 77.Ke3 Rg8 78.Ra6 Rg7
79.Ra5+ Kf6 80.Kf4 Re7 81.Bf5 Re1 82.Ra6+ Ke7 83.Be4 Kd7 84.Ke5 Kc7 85.Rc6+ Kd7
86.Rc4 Re3 87.Rd4+ Kc7 88.Rb4 Re1 89.Rb7+ Kc8 90.Ra7 Re2 91.Kd5 Rh2 92.Kc5 Kd8
93.Bc6 Rh5+ 94.Kb6 Rh2 95.Rd7+ Kc8 96.Rd6 Rh8 97.Bd5 Re8 98.Be6+ Kb8 99.Bf5 Rf8
100.Rg6 Ka8 101.Bd7 Rb8+ 102.Ka6 Rd8 103.Rf6 Kb8 104.Kb6 Ka8 105.Kc7  1-0

[Event "London NWYM"]
[Site "London"]
[Date "1987.??.??"]
[Round "?"]
[White "Vlahos, Kiriakos"]
[Black "Mannion, Stephen R"]
[Result "0-1"]
[WhiteElo "2275"]
[BlackElo "2280"]

1.c4 c6 2.Nf3 d5 3.d4 Nf6 4.Qc2 e6 5.Nbd2 Be7 6.e4 dxe4 7.Nxe4 Nxe4 8.Qxe4 Bb4+
9.Bd2 Bxd2+ 10.Nxd2 Nd7 11.O-O-O Nf6 12.Qf4 b6 13.g4 h6 14.Bg2 Bb7 15.c5 Nd5
16.Bxd5 cxd5 17.Kb1 O-O 18.h4 f6 19.Rhg1 e5 20.dxe5 Qc7 21.c6 fxe5 22.Qg3 Qxc6
23.Qxe5 Rxf2 24.g5 Qg6+ 25.Ka1 h5 26.Rgf1 Rxf1 27.Rxf1 Rc8 28.a3 Kh7 29.Nf3 Ba6
30.Re1 Bc4 31.Nd4 Rf8 32.b3 Ba6 33.Qe7 Rf7 34.Qe8 Rf4 35.Ne6 Qxe8  0-1

[Event "Malaga"]
[Site "Malaga"]
[Date "1987.??.??"]
[Round "?"]
[White "Cramling, Dan"]
[Black "Bellon Lopez, Juan Manuel"]
[Result "1/2-1/2"]
[WhiteElo "2420"]
[BlackElo "2370"]

1.c4 c6 2.d4 d5 3.cxd5 cxd5 4.Nc3 Nc6 5.Bf4 Bf5 6.Nf3 e6 7.Qb3 Bb4 8.a3 Bxc3+
9.bxc3 Qe7 10.e3 Nf6 11.Ne5  1/2-1/2

[Event "Myslenice"]
[Site "Myslenice"]
[Date "1987.??.??"]
[Round "7"]
[White "Spiridonov, Nikola"]
[Black "Dobrovolsky, Ladislav"]
[Result "1-0"]
[WhiteElo "2420"]
[BlackElo "2425"]

1.c4 c6 2.Nf3 Nf6 3.d4 d5 4.Qc2 g6 5.Bf4 Bg7 6.e3 O-O 7.Nc3 Na6 8.Be2 dxc4
9.Bxc4 Nb4 10.Qb3 Nbd5 11.Be5 Nb6 12.Be2 Be6 13.Qc2 Nbd7 14.Bg3 h6 15.O-O Rc8
16.Rfd1 Qa5 17.h3 b5 18.e4 b4 19.Nb1 b3 20.Qd2 Qb6 21.Nc3 bxa2 22.Bf4 Bb3
23.Re1 Kh7 24.Bd1 Bxd1 25.Rexd1 Rfd8 26.Qe2 Nh5 27.Be5 c5 28.Rxa2 cxd4 29.Nxd4 Nc5
30.Na4 Qa5 31.Nc3 Qb4 32.Nc2 Rxd1+ 33.Qxd1 Qb3 34.Rxa7 Qxb2 35.Nd5 Nxe4 36.Ne1 e6
37.Nb6 Rf8 38.Qd3 Nhf6 39.Nf3 Qc3 40.Qd1 Qb2 41.Bd4 Qb5 42.Qc2 Qf5 43.Ne5 Kg8
44.Nc6 Qf4 45.Be5 Qg5 46.Ra5 Nd5 47.Nxd5 exd5 48.Rxd5 Nf6 49.Ra5 Re8 50.g3 Kh7
51.Bf4 Re1+ 52.Kg2  1-0

[Event "Namestovo"]
[Site "Namestovo"]
[Date "1987.??.??"]
[Round "12"]
[White "Paunovic, Dragan"]
[Black "Meduna, Eduard"]
[Result "1/2-1/2"]
[WhiteElo "2450"]
[BlackElo "2495"]

1.c4 c6 2.e4 d5 3.exd5 cxd5 4.cxd5 Nf6 5.Nc3 Nxd5 6.d4 Nc6 7.Nf3 e6 8.Bd3 Be7
9.O-O O-O 10.Re1 Bf6 11.Be4 Nce7 12.Qc2 g6 13.Bh6 Bg7 14.Bg5 f6 15.Bd2 Bd7
16.Qb3 Bc6 17.Bd3 Qd7 18.Bc4 Rfe8 19.a4 Kh8 20.Re2 Nf5 21.Ne4  1/2-1/2

[Event "New York op"]
[Site "New York"]
[Date "1987.??.??"]
[Round "?"]
[White "Fedorowicz, John P"]
[Black "Bisguier, Arthur Bernard"]
[Result "1-0"]
[WhiteElo "2535"]
[BlackElo "2420"]

1.c4 c6 2.e4 e6 3.d4 d5 4.e5 Ne7 5.Nf3 b6 6.Nc3 Bb7 7.h4 Nd7 8.cxd5 Nxd5
9.Nxd5 cxd5 10.Bd3 Bb4+ 11.Kf1 h6 12.Rh3 f5 13.exf6 Qxf6 14.Qa4 Bd6 15.h5 Rf8
16.Bd2 a6 17.Bg6+ Kd8 18.Re1 Rc8 19.Qd1 Rc6 20.Qe2 Bf4 21.Bb4 Bd6 22.Bxd6 Rxd6
23.Bd3 b5 24.Rg3 Qe7 25.Kg1 Rc6 26.Nd2 Rf7 27.Re3 Qh4 28.Nf3 Qg4 29.Rxe6 Rxe6
30.Qxe6 Qxe6 31.Rxe6 Nf6 32.Bg6 Rc7 33.Re1 Rc4 34.b3 Rc3 35.Ne5 Ne4 36.Nf7+ Kd7
37.f3 Nd6 38.Nxd6 Kxd6 39.Kf2 Bc6 40.Kg3 b4 41.Kf4 a5 42.Bf5 Bd7 43.Re2 Bxf5
44.Kxf5 Rd3 45.Kg6 Rxd4 46.Kxg7 Rd1 47.Kxh6 d4 48.Kg7 d3 49.Rf2 Ke5 50.h6 Rc1
51.h7 Rc7+ 52.Kg6 Rc8 53.f4+ Kd4 54.f5 Ke3 55.Rb2 d2 56.Rxd2 Kxd2 57.f6  1-0

[Event "POL-ch"]
[Site "?"]
[Date "1987.??.??"]
[Round "?"]
[White "Adamski, Jan"]
[Black "Tomaszewski, Roman"]
[Result "0-1"]
[WhiteElo "2420"]
[BlackElo "2380"]

1.c4 c6 2.d4 d5 3.Nc3 e6 4.Bf4 dxc4 5.e3 b5 6.a4 Qb6 7.Qf3 Qa5 8.Qd1 Qb4
9.axb5 Qxb2 10.Qc1 Ba3 11.Na2 Qxc1+ 12.Nxc1 Bb4+ 13.Kd1 cxb5 14.Rb1 a5 15.Bxb8 Rxb8
16.Na2 Bd6 17.Nc3 Bd7 18.Ne4 Bb4 19.Nf3 Nf6 20.Nxf6+ gxf6  0-1

[Event "Porabka"]
[Site "Porabka"]
[Date "1987.??.??"]
[Round "8"]
[White "Genov, Petar"]
[Black "Seifert, Henryk"]
[Result "1/2-1/2"]
[WhiteElo "2375"]
[BlackElo "2260"]

1.c4 c6 2.Nc3 d5 3.cxd5 cxd5 4.d4 Nc6 5.Nf3 Nf6 6.Bf4 Bf5 7.e3 e6 8.Bd3 Bxd3
9.Qxd3 a6 10.O-O Bd6 11.Bxd6 Qxd6 12.a3 O-O 13.Rac1 Rac8 14.Rc2 Rc7 15.Rfc1 Rfc8
16.Na4 Na5 17.Nc5 Nc4 18.Nd2 Nxd2 19.Qxd2 Ne4 20.Nxe4 dxe4 21.Rxc7 Rxc7 22.Rc3 g6
23.Qc2 Rxc3 24.Qxc3 Qd5 25.h3  1/2-1/2

[Event "Reggio Emilia8788"]
[Site "Reggio Emilia"]
[Date "1987.??.??"]
[Round "?"]
[White "Kortschnoj, Viktor"]
[Black "Ribli, Zoltan"]
[Result "0-1"]
[WhiteElo "2630"]
[BlackElo "2595"]

1.c4 c6 2.Nc3 d5 3.d4 Nf6 4.Nf3 e6 5.Qb3 dxc4 6.Qxc4 b5 7.Qb3 a6 8.Bg5 Nbd7
9.e4 h6 10.Bxf6 Nxf6 11.e5 Nd7 12.Be2 Bb7 13.O-O Be7 14.Ne4 Rc8 15.Rfc1 Qb6
16.a4 c5 17.Nd6+ Bxd6 18.exd6 c4 19.Qb4 Bxf3 20.Bxf3 O-O 21.axb5 axb5 22.Ra5 Rb8
23.Re1 Rfd8 24.h3 Nf6 25.Re5 Qxd6 26.Qxd6 Rxd6 27.Rexb5 Rxb5 28.Rxb5 Rxd4
29.Be2 Ne4 30.Rb8+ Kh7 31.Rb4 Rd2 32.Bxc4 Nxf2 33.Rb3 Rc2 34.Bb5 Kg8 35.Rf3 Ne4
36.Bd3 Rc1+ 37.Rf1 Rxf1+ 38.Kxf1 Nf6 39.Ke2 Kf8 40.Ke3 Ke7 41.Kd4 Kd6 42.Bc4 Nd7
43.b4 f5 44.Be2 Nb6 45.Bh5 e5+ 46.Kd3 Nd5 47.Kc4 Nf4 48.Be8 Nxg2 49.Kb5 Ne3  0-1

[Event "Sarajevo"]
[Site "Sarajevo"]
[Date "1987.??.??"]
[Round "?"]
[White "Dizdarevic, Emir"]
[Black "Drasko, Milan"]
[Result "1/2-1/2"]
[WhiteElo "2490"]
[BlackElo "2465"]

1.c4 c6 2.Nc3 d5 3.e3 Nf6 4.d4 g6 5.Nf3 Bg7 6.Be2 O-O 7.O-O Be6 8.b3 c5 9.Bb2 Nc6
10.dxc5 dxc4 11.Ng5 Bf5 12.Bxc4 Ne5 13.Be2 Qa5 14.Nb5 Rad8 15.Qe1 Qxe1 16.Rfxe1 Nd3
17.Bxd3 Bxd3 18.Nd4 Rd5 19.Red1 Ba6  1/2-1/2

[Event "Tatran Cup"]
[Site "Stary Smokovec"]
[Date "1987.??.??"]
[Round "?"]
[White "Plachetka, Jan"]
[Black "Beil, Zdenek"]
[Result "1-0"]
[WhiteElo "2430"]
[BlackElo "2405"]

1.c4 c6 2.e4 d5 3.exd5 cxd5 4.d4 Nf6 5.Nc3 e6 6.Nf3 Be7 7.cxd5 Nxd5 8.Bd3 O-O
9.O-O Nc6 10.Re1 Bf6 11.Be4 Qa5 12.Qd3 g6 13.Bd2 Nxc3 14.Bxc3 Qc7 15.d5 Bxc3
16.Qxc3 exd5 17.Bxd5 Bd7 18.Ng5 Bf5 19.h4 Rad8 20.Rad1 h6 21.g4 hxg5 22.gxf5 Rd6
23.Qg3 Rd7 24.Qxc7 Rxc7 25.fxg6 gxh4 26.gxf7+ Kg7 27.Re4 Kf6 28.Rde1 Nb8
29.Kh2 Rc2 30.Re6+ Kg5 31.Re8 Nd7 32.R1e7  1-0

[Event "SWE-ch"]
[Site "Stockholm"]
[Date "1987.??.??"]
[Round "?"]
[White "Bergstrom, Christer"]
[Black "Cramling, Pia"]
[Result "1/2-1/2"]
[WhiteElo "2435"]
[BlackElo "2455"]

1.c4 c6 2.e4 d5 3.cxd5 cxd5 4.exd5 Nf6 5.Bb5+ Nbd7 6.Nc3 a6 7.Qa4 g6 8.Nf3 Bg7
9.O-O O-O 10.Bxd7 Bxd7 11.Qb3 b5 12.Re1 Rb8 13.d3 b4 14.Ne4 Qa5 15.d6 Be6
16.Nxf6+ exf6 17.Qd1 b3 18.Nd4 Bd5 19.Bd2 Qb6 20.Nxb3 Qxd6 21.Bc3 Rfd8 22.Nd2 f5
23.Nf3 Bxc3 24.bxc3 Rb2 25.Qc1 Rdb8 26.Nd4 Bxa2 27.Re8+ Rxe8 28.Qxb2 Bd5
29.c4 Ba8 30.h3 Rd8 31.Re1 Qf6 32.Re2 Kg7 33.Nf3 Qxb2 34.Rxb2 Bxf3 35.gxf3 Rxd3
36.Kg2 Rc3 37.Ra2 Rxc4 38.Rxa6 h5 39.Kg3 h4+ 40.Kg2 Kh6 41.Ra7 Kg7 42.Ra6 Rb4
43.Rc6 Rb5 44.Ra6 Re5 45.Rc6 Re6 46.Rc5 Kf6 47.Rc7 Rd6 48.Rc4 g5 49.Rc5 Ke6
50.Rc7  1/2-1/2

[Event "Tashkent Hodzhaev"]
[Site "Tashkent"]
[Date "1987.??.??"]
[Round "?"]
[White "Malaniuk, Vladimir P"]
[Black "Rashkovsky, Nukhim N"]
[Result "1/2-1/2"]
[WhiteElo "2575"]
[BlackElo "2470"]

1.c4 c6 2.g3 d5 3.Bg2 Nf6 4.Qc2 g6 5.b3 Bg7 6.Bb2 O-O 7.Nf3 Bf5 8.d3 Qc8
9.h3 Na6 10.a3 dxc4 11.bxc4 Nc5  1/2-1/2

[Event "Tbilisi"]
[Site "Tbilisi"]
[Date "1987.??.??"]
[Round "?"]
[White "Neverov, Valeriy"]
[Black "Drasko, Milan"]
[Result "1/2-1/2"]
[WhiteElo "2440"]
[BlackElo "2465"]

1.c4 c6 2.e4 d5 3.exd5 cxd5 4.cxd5 Nf6 5.Nc3 Nxd5 6.Nf3 Nc6 7.d4 Bg4 8.Qb3 Bxf3
9.gxf3 Nb6 10.Be3 e6 11.O-O-O Be7 12.d5 exd5 13.Bxb6 Qxb6 14.Qxb6 axb6 15.Nxd5 Rxa2
16.Kb1 Ra5 17.Bb5 Bd8 18.Rhe1+ Kf8 19.Nc3 Bh4 20.Rd7 g6 21.Rxb7 Nd4 22.Bc4 Rf5
23.Ne4 Nxf3 24.Re2 b5 25.Ba2 Rf4 26.Nd6 Ng5 27.Ree7 Kg7 28.Nxf7 Nxf7 29.Rxf7+ Rxf7  1/2-1/2

[Event "Tel Aviv"]
[Site "Tel Aviv"]
[Date "1987.??.??"]
[Round "?"]
[White "Stangl, Markus"]
[Black "Elyoseph, Harel"]
[Result "1/2-1/2"]
[WhiteElo "2405"]
[BlackElo "2315"]

1.c4 c6 2.Nf3 d5 3.d4 Nf6 4.Qc2 g6 5.e3 Bf5 6.Qb3 Qb6 7.Qxb6 axb6 8.cxd5 Nxd5
9.Nc3 Nb4 10.Kd2 Bh6 11.b3 Nc2 12.Rb1 Nb4 13.Rb2 O-O 14.h3 b5 15.g4 Be6 16.Ke2 Nd7
17.Bg2 f5 18.gxf5 gxf5 19.h4 Nd5 20.Bd2 N7f6 21.Nxd5 Nxd5 22.Ng5 Bxg5 23.hxg5 Bf7
24.f3 Bg6 25.Rh4 b4 26.Kd3 Ra3 27.Rh1 Rd8 28.f4 c5 29.Rc1 b6 30.Ke2 cxd4
31.exd4 Ra7 32.Bxd5+ Rxd5 33.Rc8+ Kf7 34.Ke3 Rad7 35.Rc4 e5 36.dxe5 Rd3+
37.Ke2 Bh5+ 38.Ke1 Rh3 39.Rcc2 Rh2 40.Kf1 Bd1 41.Rc1 Bf3 42.e6+ Kxe6 43.Re1+ Kf7
44.Bc1 Rxb2  1/2-1/2

[Event "Tel Aviv"]
[Site "Tel Aviv"]
[Date "1987.??.??"]
[Round "?"]
[White "De Boer, Gert Jan"]
[Black "Elyoseph, Harel"]
[Result "1/2-1/2"]
[WhiteElo "2410"]
[BlackElo "2315"]

1.c4 c6 2.e4 d5 3.cxd5 Nf6 4.Nc3 cxd5 5.exd5 Nxd5 6.Nf3 Nc6 7.Bc4 e6 8.O-O Be7
9.d4 O-O 10.Re1 b6 11.Qe2 Nf6 12.Be3 Nb4 13.Ne5 Bb7 14.Rad1 Nbd5 15.Bg5 Rc8
16.Rd3 Nxc3 17.bxc3 Nd5 18.Bxe7 Qxe7  1/2-1/2

[Event "Timisoara"]
[Site "Timisoara"]
[Date "1987.??.??"]
[Round "?"]
[White "Suba, Mihai"]
[Black "Ghinda, Mihail Viorel"]
[Result "1/2-1/2"]
[WhiteElo "2560"]
[BlackElo "2460"]

1.c4 c6 2.Nc3 d5 3.cxd5 cxd5 4.d4 Nf6 5.Nf3 Nc6 6.Bf4 e6 7.e3 Bd6 8.Bb5 O-O
9.O-O Bxf4 10.exf4 Bd7 11.Re1 Rc8 12.Ne5 Qb6 13.Rc1 Rfd8 14.Nxd7 Rxd7 15.Bxc6 Rxc6  1/2-1/2

[Event "Toronto"]
[Site "Toronto"]
[Date "1987.??.??"]
[Round "?"]
[White "Spraggett, Kevin"]
[Black "Thomas, Ian"]
[Result "1-0"]
[WhiteElo "2550"]
[BlackElo "2310"]

1.c4 c6 2.d4 d5 3.Nf3 Nf6 4.Nc3 e6 5.Bg5 Nbd7 6.e3 Qa5 7.Nd2 Bb4 8.Qc2 O-O
9.Be2 e5 10.O-O Bd6 11.cxd5 cxd5 12.Nb5 Bb8 13.dxe5 Bxe5 14.Nf3 Ne4 15.Bh4 Bf6
16.Nc7 Rb8 17.b4 Qa3 18.Nxd5 Re8 19.Rab1 Bxh4 20.Nxh4 Ndf6 21.Nxf6+ Nxf6
22.Bb5 Be6 23.Bxe8 Rxe8 24.Nf5 Nd5 25.Nd6 Re7 26.Rfc1 g6 27.Nc4  1-0

[Event "Aarhus-A"]
[Site "Aarhus"]
[Date "1988.??.??"]
[Round "6"]
[White "Kroll, Ove"]
[Black "Rewitz, Poul"]
[Result "0-1"]
[WhiteElo "2335"]
[BlackElo "2245"]

1.c4 c6 2.Nc3 d5 3.d4 e6 4.cxd5 exd5 5.Bf4 Nf6 6.e3 Bf5 7.Nge2 Be7 8.Ng3 Bg6
9.Be2 Nbd7 10.a3 O-O 11.h4 h6 12.h5 Bh7 13.Bd3 c5 14.Bxh7+ Kxh7 15.Be5 cxd4
16.Bxd4 Bc5 17.Qd3+ Kh8 18.O-O-O Rc8 19.Kb1 Bxd4 20.Qxd4 Nb6 21.Nge2 Qd7
22.Nf4 Qf5+ 23.Qd3 Qe5 24.Nce2 Ne4 25.Rhf1 Nc5 26.Qc3 Qf5+ 27.Qc2 Ne4 28.Qd3 Nc4
29.Ka2 Rfd8 30.Nd4 Qf6 31.Nxd5 Rxd5 32.Qxe4 Rb5 33.b3 Rxb3 34.Rd3 Nd6  0-1

[Event "OHRA-B"]
[Site "Amsterdam"]
[Date "1988.??.??"]
[Round "?"]
[White "Lerner, Konstantin Z"]
[Black "Karolyi, Tibor Jr"]
[Result "1/2-1/2"]
[WhiteElo "2530"]
[BlackElo "2450"]

1.c4 c6 2.Nf3 d5 3.e3 Nf6 4.Nc3 Nbd7 5.d4 e6 6.Qc2 Bd6 7.Be2 O-O 8.O-O dxc4
9.Bxc4 Qe7 10.a3 a6 11.Ba2 b5 12.Bb1 c5 13.dxc5 Bxc5 14.b4 Bd6 15.Ne4 Bb7
16.Nxd6 Qxd6 17.Rd1 Qc6 18.Qxc6 Bxc6 19.Nd4 Bd5 20.f3 Rfc8 21.e4 Bc4 22.Be3 Kf8
23.Kf2 Ke7 24.g4 g6 25.Bc2 Ne8 26.Rd2 a5 27.bxa5 Rxa5 28.Rdd1 Ra6 29.Bd2 e5
30.Bb4+ Nd6 31.Nb3 Be6 32.Rac1 Rac6  1/2-1/2

[Event "OHRA-B"]
[Site "Amsterdam"]
[Date "1988.??.??"]
[Round "?"]
[White "Mednis, Edmar John"]
[Black "Ninov, Kiril"]
[Result "1/2-1/2"]
[WhiteElo "2435"]
[BlackElo "2515"]

1.c4 c6 2.g3 Nf6 3.Bg2 d5 4.Qb3 e6 5.Nf3 Be7 6.O-O O-O 7.d4 b6 8.Nc3 Ba6
9.cxd5 cxd5 10.Bf4 Nc6 11.Qa4 Bb7 12.Rfc1 a6 13.Qd1 b5 14.Bg5 h6 15.Bxf6 Bxf6
16.e3 Be7 17.Ne2 Qb6 18.Nf4 Rfc8 19.Nd3 Rc7 20.Nc5 Rac8 21.Ne1 a5 22.Ned3 Nb8
23.Bf1 Na6 24.Nxb7 Qxb7 25.Rxc7 Rxc7 26.a4 b4 27.Nc1 Nb8 28.Nb3 Qb6 29.Rc1 Nd7
30.Rc2 Nf6 31.Qc1 Bd6 32.Bd3 Kf8 33.Nc5 Ke7 34.Bb5 Qb8 35.Na6 Rxc2 36.Qxc2 Qb7
37.Kf1 Ne8 38.Ke2 Nc7 39.Nxc7 Qxc7 40.Qxc7+  1/2-1/2

[Event "Bayern-ch"]
[Site "Bayern"]
[Date "1988.??.??"]
[Round "?"]
[White "Renner, Christoph"]
[Black "Klebel, Martin"]
[Result "1-0"]
[WhiteElo "2280"]
[BlackElo "2335"]

1.c4 c6 2.Nf3 d5 3.d4 Nf6 4.Qb3 g6 5.Nc3 Bg7 6.cxd5 Nxd5 7.Bg5 Nb6 8.e3 Be6
9.Qc2 a5 10.Be2 Na6 11.a3 Nc7 12.Ne4 Bf5 13.Bd3 Ne6 14.Bh4 Rc8 15.O-O O-O
16.Rfd1 Nd5 17.Nc5 Nxc5 18.Bxf5 Nd7 19.Be4 Bf6 20.Bg3 e6 21.Bd6 Be7 22.Bxe7 Nxe7
23.Qb3 Nf6 24.Bd3 Qc7 25.Rac1 Rfd8 26.Ne5 Nf5 27.Nc4 Ng4 28.g3 b5 29.Nd2 Qe7
30.Be2 Nf6 31.Nf3 h5 32.Ne5 Qd6 33.Bf3 Ne7 34.Qc3 Nfd5 35.Qxa5 f6 36.Nd3 h4
37.Qd2 Kg7 38.Nc5 Rh8 39.e4 Nc7 40.Nb7 Qd7 41.Qf4 g5 42.Qg4 Rcg8 43.Nc5 Qc8
44.e5 Nf5 45.exf6+ Kxf6 46.Bxc6  1-0